Food product design : a computer-aided statistical approach /
Guardado en:
| Autor Principal: | |
|---|---|
| Formato: | Libro |
| Idioma: | English |
| Publicado: |
Lancaster, Pa. :
Technomic Pub. Co.,
c1999.
|
| Materias: | |
| Etiquetas: |
Agregar Etiqueta
Sin Etiquetas, Sea el primero en etiquetar este registro!
|
| LEADER | 00911cam a22002295a 4500 | ||
|---|---|---|---|
| 001 | EIQ.libpla002354 | ||
| 008 | 990202s1999####paua#####b####001#0#eng#d | ||
| 005 | 20071022153459.0 | ||
| 245 | 1 | 0 | |a Food product design : |b a computer-aided statistical approach / |c Ruguo Hu. |
| 260 | |a Lancaster, Pa. : |b Technomic Pub. Co., |c c1999. | ||
| 300 | |a xiii, 225 p. : |b il. ; |c 24 cm. | ||
| 504 | |a Incluye referencias bibliográficas (p. 207-212) e índice. | ||
| 020 | |a 1566767431 (hardcover : acid-free paper) | ||
| 100 | 1 | |a Hu, Ruguo. | |
| 082 | 0 | 0 | |a 664 |2 21 |
| 650 | 4 | |a Industria alimenticia y comercio |x Procesamiento de datos. | |
| 650 | 4 | |a Industria alimenticia y comercio |x Métodos estadísticos. | |
| 650 | 0 | |a Food industry and trade |x Data processing. | |
| 650 | 0 | |a Food industry and trade |x Statistical methods. | |
| 010 | |a 99060758 | ||
| 040 | |a DLC |c DLC |d AR-BbSID | ||
| 859 | |a AR-BbSID |b BIB. PLAPIQUI |h 664.08 |i H 86 |p 5434 | ||
